MARC

LEADER 00000nas a2200000 a 4500
001 ssj0060526
003 WaSeSS
005 20200512172242.0
006 m d
007 cr n
008 070613c20089999pauqr p s e 0 a0eng c
010 |a  2007215014 
015 |a GBB048101  |2 bnb 
016 7 |a 003281575  |2 IsJJNL 
016 7 |a 015480874  |2 Uk 
022 |a 1938-8063  |l 1938-8071  |y 1938-8071 
035 |a (WaSeSS)ssj0060526 
037 |b Routledge, Taylor and Francis Group, 325 Chestnut Street, Ste. 800, Philadelphia, PA 19106 
040 |a NSD  |b eng  |c NSD  |d TJC  |d DLC  |d NSD  |d JNA  |d MUQ  |d OCLCQ  |d CFI  |d OCLCQ  |d CLU  |d UKMGB  |d OCLCQ  |d DLC  |d OCLCO  |d VT2  |d J9U  |d TXA  |d CNMTR  |d CCO  |d OCLCO  |d OCLCF  |d OCLCO  |d OCLCQ  |d NLE  |d OCLCA  |d GILDS  |d OCLCO  |d AU@  |e pn  |d DLC  |d WaSeSS 
042 |a pcc  |a nsdp 
050 0 0 |a LB1050 
050 0 4 |a LB1050  |b .J6311 
082 1 0 |a 428  |2 14 
130 0 |a Literacy research and instruction (Online) 
222 0 |a Literacy research and instruction  |b (Online) 
245 1 0 |a Literacy research and instruction  |h [electronic resource]. 
260 |a Philadelphia, PA :  |b Routledge, Taylor & Francis Group 
310 |a Quarterly 
362 1 |a Began with vol. 47, no. 1 (2008). 
506 |a License restrictions may limit access. 
550 |a Official journal of the College Reading Association (later Association of Literacy Educators and Researchers, <2010->). 
588 |a Description based on first issue; title from publisher's Web site (viewed Aug. 19, 2008). 
588 |a Latest issue consulted: Vol. 58, no. 2 (Apr. 2019) (Taylor & Francis, viewed Sept. 13, 2019). 
650 0 |a Literacy  |v Periodicals. 
650 0 |a Reading  |v Periodicals. 
650 0 |a Children  |x Books and reading  |v Periodicals. 
650 6 |a Alphabétisation  |v Périodiques. 
650 6 |a Lecture  |v Périodiques. 
650 6 |a Enfants  |x Livres et lecture  |v Périodiques. 
650 7 |a Children  |x Books and reading.  |2 fast  |0 (OCoLC)fst00854849 
650 7 |a Literacy.  |2 fast  |0 (OCoLC)fst00999859 
650 7 |a Reading.  |2 fast  |0 (OCoLC)fst01090626 
655 0 |a Electronic journals. 
710 2 |a College Reading Association. 
710 2 |a Association of Literacy Educators and Researchers. 
776 0 8 |i Print version:  |t Literacy research and instruction  |x 1938-8071  |w (DLC) 2007215012  |w (OCoLC)144510928 
780 0 0 |t Reading research and instruction (Online)  |x 2331-3587  |w (DLC) 2013250515  |w (OCoLC)60626793 
850 |a DLC 
856 4 0 |z Full text available from Research Library: 01/01/2008 to 10/31/2012  |u https://search.proquest.com/publication/40338